He my beloved cj : (Record no. 164022)

MARC details
000 -LEADER
fixed length control field 00499nam a2200169 4500
005 - DATE AND TIME OF LATEST TRANSACTION
control field 20190508155358.0
010 ## - LCCN (DPL NO)
LC control number ENG-125144
020 ## - INTERNATIONAL STANDARD BOOK NUMBER
International Standard Book Number 9789385606151
Terms of availability 350.00
035 ## - SYSTEM CONTROL NUMBER
System control number EN-108676
037 ## - SOURCE OF ACQUISITION
Source of stock number/acquisition DBAD/PUB
082 ## - DEWEY DECIMAL CLASSIFICATION NUMBER
Classification number 894.812
245 ## - TITLE STATEMENT
Title He my beloved cj :
Remainder of title Rosy Thomas/
Statement of responsibility, etc translated by G.Arunima
260 ## - PUBLICATION, DISTRIBUTION, ETC. (IMPRINT)
Place of publication, distribution, etc New Delhi
Name of publisher, distributor, etc Women Unlimited
Date of publication, distribution, etc 2018
270 ## - ADDRESS
Address 7/10, Sarvapriya Vihar
City New Delhi
Postal code 110016
300 ## - PHYSICAL DESCRIPTION
Extent 178p.
Dimensions 22cm(pbk)
942 ## - ADDED ENTRY ELEMENTS (KOHA)
Source of classification or shelving scheme Dewey Decimal Classification
Item type English Books
Classification part 894.812
Call number suffix HEM
Holdings
Withdrawn status Lost status Not for loan Collection code Home library Current library Date acquired Source of acquisition Cost, normal purchase price Full call number Barcode Copy number Cost, replacement price Koha item type
    Not For Loan Non-fiction D.B.Act.Division Central Library 08/05/2019 DBAD/PUB 350.00 894.812 HEM EN-108676 1 350.00 English Books

© Delhi Public Library
Hit Counter
free hit counter